| 000 | 01477cam a22003977a 4500 | ||
|---|---|---|---|
| 003 | CHAP | ||
| 005 | 20220329141828.0 | ||
| 008 | 971124d1997 mx r 00110 spa d | ||
| 010 | _a74485 | ||
| 011 | _a75457 | ||
| 035 | _a85021 | ||
| 040 | _cCHAP | ||
| 090 | _aTesis | ||
| 100 | 0 | 0 |
_aMartínez Valentín, Librado Amador. _972593 |
| 245 | 1 | 0 |
_aControl químico de maleza en haba (Vicia faba L.) cultivada en dos sistemas de labranza en Chapingo, México _c/por Librado Amador Martínez Valentín |
| 260 |
_aChapingo, Méx. : _bEl autor, _c1997. |
||
| 300 | _a57 h. | ||
| 502 | _aTesis (Ing. Agr. Esp. en Parasitología Agrícola) -- UACH. Departamento de Parasitología Agrícola | ||
| 590 |
_aALEPH _b10 _c20130110 _lUCH01 _h1419 |
||
| 590 |
_aBATCH-UPD _b10 _c20130110 _lUCH01 _h0118 |
||
| 590 |
_aBATCH-UPD _b10 _c20130110 _lUCH01 _h0911 |
||
| 590 |
_aBATCH-UPD _b10 _c20130409 _lUCH01 _h2111 |
||
| 590 |
_aBATCH-UPD _b10 _c20130410 _lUCH01 _h0536 |
||
| 590 |
_aBATCH-UPD _b10 _c20130914 _lUCH01 _h1559 |
||
| 590 |
_aCONVERSION _b10 _c20130109 _lUCH01 _h1341 |
||
| 650 | 1 | 4 |
_aHaba _xMalas hierbas _xControl. _952114 |
| 650 | 1 | 4 |
_aHaba _zMéxico (Edo.). _952130 |
| 650 | 1 | 4 |
_aHerbicidas. _953691 |
| 650 | 2 | 4 |
_aLabranza. _964303 |
| 901 | _aBK | ||
| 905 | _aLilia Sánchez G. | ||
| 942 | _cFOLL | ||
| 949 |
_bBC _cTES _d33724000638607 _eTS2 _fc.2 _h31696 _i85021 _si |
||
| 949 |
_bBC _cTES _d33724000768545 _eTS2 _fc.3 _h33883 _i85021 _si |
||
| 949 |
_bBC _cTES _d850211 _eTS1 _h31695 _i85021 _sb |
||
| 999 |
_c74485 _d74485 |
||